| Tag |
First Indicator |
Second Indicator |
Subfields |
| LEADER |
00000cam a22000008a 4500 |
| 001 |
in00000085260 |
| 005 |
20151008055819.0 |
| 008 |
810722s1981 enka b 00110 eng |
| 010 |
|
|
|a 81006828
|
| 020 |
|
|
|a 0470272651 (Wiley)
|
| 035 |
|
|
|a (OCoLC)07671727
|
| 035 |
|
|
|9 AAJ4460AM
|
| 039 |
0 |
|
|a 2
|b 3
|c 3
|d 3
|e 3
|
| 040 |
|
|
|a DLC
|c DLC
|d TXA
|d UtOrBLW
|
| 049 |
|
|
|a TXAM
|c [952023]
|
| 050 |
0 |
0 |
|a HF5415.13
|b .F68 1981
|
| 082 |
0 |
|
|a 658.8
|2 19
|
| 100 |
1 |
|
|a Foxall, G. R.
|
| 245 |
1 |
0 |
|a Strategic marketing management /
|c Gordon R Foxall.
|
| 263 |
|
|
|a 8110
|
| 264 |
|
1 |
|a London :
|b Croom Helm ;
|a New York :
|b Wiley,
|c [1981]
|
| 264 |
|
4 |
|c ©1981
|
| 300 |
|
|
|a 273 pages :
|b illustrations ;
|c 22 cm.
|
| 336 |
|
|
|a text
|b txt
|2 rdacontent
|
| 337 |
|
|
|a unmediated
|b n
|2 rdamedia
|
| 338 |
|
|
|a volume
|b nc
|2 rdacarrier
|
| 500 |
|
|
|a "A Halsted Press book."
|
| 504 |
|
|
|a Includes bibliographical references and index.
|
| 650 |
|
0 |
|a Marketing
|x Management.
|
| 999 |
|
|
|a MARS
|
| 999 |
f |
f |
|s 437dea1e-a1d1-3c55-8327-917b11e76815
|i 7b8725e0-bc61-3cee-ac9d-db92d300a78b
|t 0
|
| 952 |
f |
f |
|p ric
|a Texas A&M University
|b Rellis Campus
|c Joint Library Facility
|d Remote Storage
|t 0
|e HF5415.13 .F68 1981
|h Library of Congress classification
|i unmediated -- volume
|m A14806134406
|
| 998 |
f |
f |
|a HF5415.13 .F68 1981
|t 0
|l Remote Storage
|